000 01684nam0a2200373 4500
001 RU\NLR\BIBL_A\011667203
005 20180409165347.0
010 _a978-5-235-04078-6
_93000
021 _aRU
_bКН-П-18-015150
_9КН-П-18-1089
035 _a(NLR Aleph) 011667203
035 _a(RuMoRGB)009560716
090 _a11215945
_c11215945
100 _a20180329d2018 k y0rusy50 ca
101 0 _arus
102 _aRU
105 _aac zzzz0001zb
200 1 _aСтолыпин
_fСвятослав Рыбас
205 _a[Изд. 6-е]
210 _aМосква
_cМолодая гвардия
_d2018
215 _a428, [1] с., [16] л. ил., портр.
_d21
225 1 _aЖизнь замечательных людей
_eсерия биографий
_fоснована в 1890 г. Ф. Павленковым и продолжена в 1933 г. М. Горьким
_vвып. 1906 (1706)
300 _aНа 4-й с. обл. авт.: С. Ю. Рыбас, писатель
320 _aБиблиогр.: с. 426-427 и в подстроч. примеч.
320 _aДр. произведения авт. на 4-й с. обл.
333 _a16+
600 1 _aСтолыпин
_bП.А.
_f1862 - 1911
_gПетр Аркадьевич
_91594661
_3RU\NLR\AUTH\66999833
686 1 _aТ3(2)52-8
700 1 _7ca
_8rus
_aРыбас
_bС. Ю.
_f1946-
_gСвятослав Юрьевич
_9211025
_3RU\NLR\AUTH\770211081
702 1 _4570
_7ca
_8rus
_aСтолыпин
_bП. А.
_f1862-1911
_gПетр Аркадьевич
_9114728
_3RU\NLR\AUTH\774751
942 _cBOOK
980 _aNBR
980 _aNB